19) The World Is Not Enough Quiz - Statistics

General Stats
  • This quiz has been taken 405 times
    401 since last reset
  • The average score is 6 of 10
Answer Stats
Question Answer % Correct
On what river does the boat chase during the pre-title sequence take place? The Thames
94%
Valentin Zukovsky owns a factory which produces what delicacy? caviar
91%
Complete Desmond Llewelyn's last ever line of dialogue as Q: "Always have an ______ ____" escape plan
88%
Who blows Bond's cover as Dr Arkov when realising that he doesn't look 63? Christmas Jones
84%
In which Spanish Basque city does Bond meet the Swiss banker? Bilbao
58%
Mr Bullion is played by which British Music producer and DJ? Goldie
50%
Which of Elektra’s ears was mutilated as a warning to her father to pay her ransom? right
44%
Bond calls the world is not enough a "family motto". What does Elektra call it? a "foolish sentiment"
39%
This was the first Bond screenplay of many by which writing duo? Neal Purvis & Robert Wade
36%
Name the fictional geological marvel at which Renard palms a scalding-hot rock The Devil’s Breath
20%
No matching quizzes found
Score Distribution
Percent of People with Each Score
Percentile by Number Answered
Your Score History
You have not taken this quiz since the last reset